Investigation on Corporate Demand for Insurance
Napriek technologickému pokroku je ľudská spoločnosť vystavená náhodným a neočakávaných udalostiam. Identifikácia a faktory, ktoré ovplyvňujú dopyt po poistení podnikateľských subjektov. Skúmanie na základe výskumu.
Na minha lista:
| Autor principal: | |
|---|---|
| Outros Autores: | |
| Formato: | Capítulo de Livro |
| Idioma: | inglês |
| Assuntos: | |
| Tags: |
Sem tags, seja o primeiro a adicionar uma tag!
|
MARC
| LEADER | 00000nla a2200000 4500 | ||
|---|---|---|---|
| 001 | 0223238 | ||
| 005 | 20240502083555.2 | ||
| 041 | 0 | |a eng | |
| 044 | |a UA | ||
| 245 | 1 | 0 | |a Investigation on Corporate Demand for Insurance |c Marek Meheš, Slavomíra Stašková |
| 520 | |a Napriek technologickému pokroku je ľudská spoločnosť vystavená náhodným a neočakávaných udalostiam. Identifikácia a faktory, ktoré ovplyvňujú dopyt po poistení podnikateľských subjektov. Skúmanie na základe výskumu. | ||
| 610 | 2 | 0 | |a poisťovníctvo |
| 610 | 2 | 0 | |a poistenie podnikov |
| 610 | 2 | 0 | |a poistenie neživotné |
| 610 | 2 | 0 | |a udalosti poistné |
| 610 | 2 | 0 | |a riziko poistné |
| 610 | 2 | 0 | |a poistenie majetku |
| 610 | 2 | 0 | |a výskum |
| 100 | 1 | |a Meheš, Marek | |
| 700 | 1 | |a Stašková, Slavomíra, 1989- | |